000 00664nab a2200217u 4500
001 21282
003 HDC
007 c| |||a|c|aaaa
008 210305b20110921my ||||o |||| 00| 0 eng d
040 _aHDC
245 0 _aChina makes dent in halal market
336 _atext
_2rdacontent
337 _acomputer
_2rdamedia
338 _aonline resource
_2rdacarrier
650 _ahalal food
_950
650 _ahalal meat
_91025
856 _zRequest full-text at [email protected]
942 _2lcc
942 _cNEWS
942 _kNWS0 004929
999 _c18598
_d18598